| 000 | 00433nam a2200193Ia 4500 | ||
|---|---|---|---|
| 003 | OSt | ||
| 005 | 20221121120727.0 | ||
| 008 | 210210b1995 xxu||||| |||| 00| 0 eng d | ||
| 040 | _cAL | ||
| 041 | _aeng | ||
| 082 | _a813.54 GRIC | ||
| 100 |
_aGRISHAM (John) _962905 |
||
| 245 | _aChamber | ||
| 260 |
_aNew Delhi _bRupa & Co _c1995 |
||
| 300 | _avi,598 | ||
| 690 |
_aEnglish Fiction _962906 |
||
| 906 | _a049428 | ||
| 942 |
_2ddc _cBK |
||
| 999 |
_c98106 _d98106 |
||